Antropología estructural
Сохранить в:
| Главный автор: | |
|---|---|
| Формат: | |
| Язык: | испанский |
| Опубликовано: |
Buenos Aires
EUDEBA
1973
|
| Редактирование: | 5a. ed |
| Серии: | Manuales EUDEBA. Antropología
|
| Предметы: | |
| Метки: |
Добавить метку
Нет меток, Требуется 1-ая метка записи!
|
MARC
| LEADER | 00000nam a2200000 a 4500 | ||
|---|---|---|---|
| 001 | UCT1973 | ||
| 003 | CL-VaPUC | ||
| 008 | 961004e19730800AG |||||||||||||||||spa|d | ||
| 082 | 0 | 4 | |a 306 |b LEV |2 21 |
| 100 | |a Lévi-Strauss, Claude |e author |9 265689 | ||
| 245 | 1 | 0 | |a Antropología estructural |
| 250 | |a 5a. ed | ||
| 300 | |a 371 p | ||
| 942 | |c BK | ||
| 945 | |d 19961004 00:00:00 |a paguirre | ||
| 260 | |a Buenos Aires |b EUDEBA |c 1973 | ||
| 650 | 0 | |a Antropología |9 233030 | |
| 650 | 0 | |a Estructuralismo |9 265696 | |
| 650 | 7 | |a SISTEMAS SOCIOCULTURALES |2 CL-VaPUC |9 371028 | |
| 650 | 0 | |a Religión |9 255164 | |
| 650 | 0 | |a Artes |9 268202 | |
| 583 | |a last modification |c 19961004 00:00:00 |k Rodrigo Vera | ||
| 490 | 0 | |a Manuales EUDEBA. Antropología | |
| 999 | |c 252287 |d 252285 | ||
| 952 | |0 0 |1 0 |4 0 |6 306_000000000000000_LEV_1973 |7 0 |8 A |9 272066 |a BIBHIS |b BIBHIS |d 2019-11-19 |i 2813106 |o 306 LEV 1973 |p 2813106 |r 2025-01-20 |w 2019-11-19 |y BK |k HIS | ||
| 952 | |0 0 |1 0 |4 0 |6 306_000000000000000_LEV_1973 |7 0 |8 A |9 272067 |a BIBHIS |b BIBHIS |d 2019-11-19 |i 1337327 |l 1 |o 306 LEV 1973 |p 1337327 |r 2025-01-20 |s 2022-06-23 |w 2019-11-19 |y BK |k HIS | ||